Datenfernverarbeitung Aussenstelle-Datenfernübertragung : Rechenzentral-Betriebsabwicklung
Gespeichert in:
| 1. Verfasser: | |
|---|---|
| Format: | Buch |
| Sprache: | Deutsch |
| Veröffentlicht: |
Berlin
Springer
1973
|
| Tags: |
Keine Tags, Fügen Sie das erste Tag hinzu!
|
MARC
| LEADER | 00000nam a2200000 4500 | ||
|---|---|---|---|
| 001 | c109418 | ||
| 005 | 20221207064837.7 | ||
| 041 | 0 | |a ger | |
| 044 | |a DE | ||
| 245 | 1 | 0 | |a Datenfernverarbeitung |b Aussenstelle-Datenfernübertragung : Rechenzentral-Betriebsabwicklung |c Herbert Hofer |
| 264 | 1 | |a Berlin |b Springer |c 1973 | |
| 300 | |a 200 s. | ||
| 100 | 1 | |a Hofer, Herbert | |